ՀՀ Գիտությունների ազգային ակադեմիայի հիմնարար գիտական գրադարան  =   Fundamental Scientific Library of NAS RA

Млекопитающие Белоруссии / (Record no. 510203)

MARC details
000 -LEADER
fixed length control field 00665nam a2200181 u 4500
001 - CONTROL NUMBER
control field 000125060
003 - CONTROL NUMBER IDENTIFIER
control field AM-YEHGA
005 - DATE AND TIME OF LATEST TRANSACTION
control field 20250617163639.0
008 - FIXED-LENGTH DATA ELEMENTS--GENERAL INFORMATION
fixed length control field 990411s1961 ||||||||||||||||||||rus d
040 ## - CATALOGING SOURCE
Original cataloging agency AM-YeHGA
090 ## - LOCALLY ASSIGNED LC-TYPE CALL NUMBER (OCLC); LOCAL CALL NUMBER (RLIN)
-- 513668
100 1# - MAIN ENTRY--PERSONAL NAME
Personal name Сержанин, Иван Николаевич
245 10 - TITLE STATEMENT
Title Млекопитающие Белоруссии /
Statement of responsibility, etc. И.Н. Сержанин ; АН БССР. Отдел зоологии и паразитологии.
250 ## - EDITION STATEMENT
Edition statement 2-е изд.
260 ## - PUBLICATION, DISTRIBUTION, ETC.
Place of publication, distribution, etc. Минск :
Name of publisher, distributor, etc. Изд-во АН БССР,
Date of publication, distribution, etc. 1961.
300 ## - PHYSICAL DESCRIPTION
Extent 318 с.
650 14 - SUBJECT ADDED ENTRY--TOPICAL TERM
Topical term or geographic name entry element Млекопитающие или звери. Мамалиология
Holdings
Withdrawn status Lost status Source of classification or shelving scheme Damaged status Not for loan Collection Home library Current library Date acquired Total checkouts Full call number Barcode Date last seen Price effective from Koha item type Public note
    Universal Decimal Classification     General Fundamental Scientific Library Fundamental Scientific Library 30/06/2021   PII/55001 FL0650525 30/06/2021 30/06/2021 Գրքեր / Books 30 Days Loan
    Universal Decimal Classification     General Fundamental Scientific Library Fundamental Scientific Library 09/07/2021   PII/55794 FL0652563 09/07/2021 09/07/2021 Գրքեր / Books 30 Days Loan


ՀՀ ԳԱԱ հիմնարար գիտական գրադարան
ՀՀ,Երևան 0019
Մարշալ Բաղրամյան 24/6
հեռախոս:(374-10) 52-47-50
Հետադարձ կապ

All site content, except where otherwise noted, is licensed under a
Creative Commons License